New directions in algorithmic languages 1976 : [proceedings of the second conference, held in St. Pierre-de-Chartreuse on 30 August-2 September 1976] /
Guardado en:
| Autores Corporativos: | , |
|---|---|
| Otros Autores: | |
| Formato: | Libro |
| Idioma: | English |
| Publicado: |
Rocquencourt [France] :
Institut de recherche d'informatique et d'automatique,
[1976?]
|
| Materias: | |
| Etiquetas: |
Agregar Etiqueta
Sin Etiquetas, Sea el primero en etiquetar este registro!
|
| LEADER | 01075nam a2200241 a 4500 | ||
|---|---|---|---|
| 001 | MAT.inmabb005842 | ||
| 008 | 801023s1976####fr#######b####100#0#eng## | ||
| 005 | 20170512163808.0 | ||
| 245 | 0 | 0 | |a New directions in algorithmic languages 1976 : |b [proceedings of the second conference, held in St. Pierre-de-Chartreuse on 30 August-2 September 1976] / |c prepared for IFIP Working Group 2.1 on Algol ; edited by Stephen A. Schuman. |
| 260 | |a Rocquencourt [France] : |b Institut de recherche d'informatique et d'automatique, |c [1976?] | ||
| 300 | |a 145 p. ; |c 24 cm. | ||
| 504 | |a Incluye referencias bibliográficas. | ||
| 510 | 4 | |a MR, |c *REVIEW #* | |
| 020 | |a 2726101240 : |c 30.00F | ||
| 700 | 1 | |a Schuman, Stephen A. | |
| 710 | 2 | |a IFIP Working Group 2.1 on Algol. | |
| 710 | 2 | |a Institut de recherche d'informatique et d'automatique. | |
| 650 | 0 | |a Programming languages (Electronic computers) |x Congresses. | |
| 650 | 0 | |a Data structures (Computer science) |x Congresses. | |
| 084 | |a 68 |2 MR | ||
| 010 | |a 80503668 | ||
| 040 | |a DLC |c DLC |d DLC | ||
| 859 | |h 68 |i If23-1975 |p A-4404 |b BIB. MATEMATICA | ||
